01528nam a2200349Ia 4500001001200000003000800012006001900020007001500039008004100054020002500095020002200120020002500142020002200167040002100189035002100210050002400231245014700255246006500402260014500467300001500612500002000627533015200647650005200799650004500851650005900896655002900955700002000984700001601004710001701020856012601037999001501163ebr10286205CaPaEBRm u cr cn|||||||||090324s2009 enk s 001 0 eng d z9781848131910 (hbk.) z1848131917 (hbk.) z9781848131927 (pbk.) z1848131925 (pbk.) aCaPaEBRcCaPaEBR a(OCoLC)32106883714aT58.5b.A396 2009eb00aAfrican women and ICTsh[electronic resource] :binvestigating technology, gender and empowerment /cedited by by Ineke Buskens and Anne Webb.3 aAfrican women and information and communication technologies aLondon ;aNew York :bZed Books ;aPretoria, South Africa :bUnisa Press ;aNew York :bDistributed in the USA by Palgrave Macmillan,c2009. aix, 222 p. aIncludes index. aElectronic reproduction.bPalo Alto, Calif. :cebrary,d2009.nAvailable via World Wide Web.nAccess may be limited to ebrary affiliated libraries. 0aInformation technologyxSocial aspectszAfrica. 0aWomen in community organizationzAfrica. 0aWomenxEffect of technological innovations onzAfrica. 7aElectronic books.2local1 aBuskens, Ineke.1 aWebb, Anne.2 aebrary, Inc.40uhttp://site.ebrary.com/lib/rucke/Doc?id=10286205zAn electronic book accessible through the World Wide Web; click to view c2093d2093